00345pab a2200121 454500008004000000100001800040245004300058260000900101300001000110362000900120650005300129773004100182180718b1988 xxu||||| |||| 00| 0 eng d aSathe, Vasant aJawaharlal Nehru and planning in India c1988 a411-6 aDec. aNehru, Jawaharlal - Criticism and Interpretation aJournal of Parliamentary Information